Język polski i język czeski na południowej rubieży Dolnego Śląska w wiekach średnich
| Titel: | Język polski i język czeski na południowej rubieży Dolnego Śląska w wiekach średnich |
|---|---|
| Verfasser: | |
| In: |
Wrocławskie Towarzystwo Naukowe. Komisja Językowa: Rozprawy Komisji Językowej, Band 33 (2006), Seite 281-287 alle Artikel anzeigen |
| Veröffentlicht: | 2006 |
| Format: | Aufsatz |
| Sprache: | Polnisch |
X
alg: 39468812
001A $01999:12-11-16
001B $01999:30-05-21 $t14:39:24.000
001C $06050:19-11-16 $t08:50:35.000
001D $01999:12-11-16
001U $0utf8
001X $00
002@ $0Aox
003@ $0394688120
007A $0394688120 $aHEB
007T $0Herdww038017
010@ $apol
011@ $a2006
021A $aJęzyk polski i język czeski na południowej rubieży Dolnego Śląska w wiekach średnich
027A $aPolnische und tschechische Sprache im südlichen Grenzland Niederschlesiens im Mittelalter
028A $aMalicki $dJarosław
031A $d33 $h281-287 $j2006
039B $aIn $8--Abvc--Wrocławskie Towarzystwo Naukowe$bKomisja Językowa [Tb1]. Rozprawy Komisji Językowej. - Wrocław {[u.a.] : Państw. Wydawn. Naukowe, 1959-2015. - ISSN 0084-2990 $x200600000330000719 $9047286199
045F $a417.7094371 $eDDC23BSB
045F/01 $a417.7
045F/03 $g4371
045F/03 $g438
045F/03 $g4385
045T $a7,11 $a7,39
045T $aLING $qDE-30 $2FID
046C $aPolnische und tschechische Sprache im südlichen Grenzland Niederschlesiens im Mittelalter $bÜbers. des Hauptsacht.
lok: 39468812 78
exp: 39468812 78 1 #EPN
201B/01 $007-12-17 $t23:40:07.000
201U/01 $0utf8
203@/01 $079079862X
208@/01 $a12-11-16 $be
209A/01 $a/ $f000 $x00
220C/01 $aTitelaufnehmer: AH
220C/01 $aHerkunft: IH UWr;IH PAN/PBB Kraków
244Z/01 $#Tschechien $#Tschechische Republik $#Tschechische Republik $#Tschechenland $#Tschechei Tschechien $#Česká Republika $#Czech Republic $#ČR $74303381-7 $8--Tg1--Tschechien $x01 $9086659812
244Z/01 $2Trx $#Böhmen $#Bohemia $#Czechy $8--Trx--Čechy $x02 $9391188941
244Z/01 $2Trx $#Poola $#Lenkija $#Polija $#Polen Land $#Poland $#Lengyelország $#Poľsko $#Polsko $8--Trx--Polska$gkraj $x03 $9391345966
244Z/01 $2Trx $#Silesia $#Śląsk $#Sliezsko $#Slezsko $8--Trx--Schlesien $x04 $9391173987
244Z/01 $#Niederschlesien $#Dolny Śląsk $#Dolní Slezsko $74042237-9 $8--Tg1--Niederschlesien $x05 $9085116734
244Z/01 $2Trx $#Glatzer Kessel $#Kłodzka Kotlina $8--Trx--Kotlina Kłodzka $x06 $9391302965
244Z/01 $aGeschichte 1096-1360 $x07
244Z/01 $2Trx $#keel, poola $#kalba, lenkų $#Language, Polish $#nyelv, lengyel $#język polski $#jazyk poľský $#jazyk polský $8--Trx--Sprache, polnische $x08 $9391356968
244Z/01 $2Trx $#keeleteadus $#kalbotyra $#Linguistics $#nyelvtudomány $#językoznawstwo $#jazykoveda $#jazykověda $#Linguistik $#lingvistika $8--Trx--Sprachwissenschaft $x09 $939137124X
244Z/01 $2Trx $#keel, tšehhi $#kalba, čekų $#Language, Czech $#nyelv, cseh $#język czeski $#jazyk český $#jazyk český $8--Trx--Sprache, tschechische $x10 $9391370200
244Z/01 $2Trx $8--Trx--Zeitschriftenaufsatz $x11 $9391384341
245Z/01 $a11.07 $x01
247C/01 $82080>Marburg/Lahn, Herder-Institut, Forschungsbibliothek, Bibliographieportal $9336309341
| LEADER | 00000caa a22000002c 4500 | ||
|---|---|---|---|
| 001 | 394688120 | ||
| 003 | DE-603 | ||
| 005 | 20210530143924.0 | ||
| 007 | tu | ||
| 008 | 161112s2006 xx |||| | u00||u|pol c | ||
| 035 | |a (DE-599)HEB394688120 | ||
| 040 | |a DE-603 |b ger |c DE-603 |d DE-603 | ||
| 041 | |a pol | ||
| 082 | 0 | 4 | |8 1\u |a 417.7094371 |q DE-101 |2 23/BSB |
| 084 | |a 7,11 |a 7,39 |2 ssgn | ||
| 084 | |a LING |q DE-30 |2 fid | ||
| 085 | |8 1\u |b 417.7 | ||
| 085 | |8 1\u |z 2 |s 4371 | ||
| 085 | |8 1\u |z 2 |s 438 | ||
| 085 | |8 1\u |z 2 |s 4385 | ||
| 100 | 1 | |a Malicki, Jarosław | |
| 245 | 0 | 0 | |a Język polski i język czeski na południowej rubieży Dolnego Śląska w wiekach średnich |
| 246 | 1 | |i Übers. des Hauptsacht. |a Polnische und tschechische Sprache im südlichen Grenzland Niederschlesiens im Mittelalter | |
| 246 | 1 | 3 | |a Polnische und tschechische Sprache im südlichen Grenzland Niederschlesiens im Mittelalter |
| 264 | 0 | |c 2006 | |
| 773 | 0 | 8 | |i In |a Wrocławskie Towarzystwo Naukowe. Komisja Językowa |t Rozprawy Komisji Językowej |d Wrocław [u.a.] : Państw. Wydawn. Naukowe, 1959-2015 |x 0084-2990 |g Band 33 (2006), Seite 281-287 |w (DE-603)047286199 |w (DE-600)205639-2 |
| 924 | 0 | |9 2080 |a (DE-603)79079862X |b DE-2080 |c HES |d d |g / | |


